[Event "World Blitz 2016"]
[Site "Doha QAT"]
[Date "2016.12.29"]
[Round "9.5"]
[White "Salem, A.R. Saleh"]
[Black "Adly, Ahmed"]
[Result "1-0"]
[WhiteTitle "GM"]
[BlackTitle "GM"]
[WhiteElo "2656"]
[BlackElo "2599"]
[WhiteFideId "9301348"]
[BlackFideId "10601619"]
[EventDate "2016.12.29"]

1. d4 d5 2. c4 e6 3. Nc3 Nf6 4. cxd5 Nxd5 5. e4 Nxc3 6. bxc3 c5 7. Nf3 cxd4 8.
cxd4 Bb4+ 9. Bd2 Bxd2+ 10. Qxd2 O-O 11. Bc4 b6 12. O-O Bb7 13. Rfe1 Nd7 14. Rad1
Rc8 15. Bd3 Qc7 16. e5 Rfd8 17. Qf4 Nf8 18. h4 Qe7 19. h5 h6 20. Re3 Rc7 21. Be4
Bxe4 22. Rxe4 Rc2 23. a4 Rdc8 24. Qe3 R8c3 25. Rd3 Rxd3 26. Qxd3 Rc1+ 27. Kh2
Qd7 28. Rg4 Qxa4 29. Qe3 Qa1 30. Qxh6 g6 31. Qg5 Rh1+ 32. Kg3 Qc1 33. hxg6 Nxg6
34. Qd8+ Kh7 35. Ng5+ Kg7 36. Qf6+ Kg8 37. Qxf7+ Kh8 38. Qf6+ Kg8 39. Qxg6+ 1-0

[Event "World Blitz 2016"]
[Site "Doha QAT"]
[Date "2016.12.29"]
[Round "9.6"]
[White "Nepomniachtchi, Ian"]
[Black "Jobava, Baadur"]
[Result "1/2-1/2"]
[WhiteTitle "GM"]
[BlackTitle "GM"]
[WhiteElo "2767"]
[BlackElo "2702"]
[WhiteFideId "4168119"]
[BlackFideId "13601520"]
[EventDate "2016.12.29"]

1. e4 d6 2. d4 Nf6 3. Nc3 e5 4. Nf3 Nbd7 5. Bc4 Be7 6. O-O O-O 7. Re1 a6 8. a4
b6 9. Nd5 Nxd5 10. Bxd5 Rb8 11. c3 Bf6 12. Bc6 Re8 13. b4 Bb7 14. Bxb7 Rxb7 15.
d5 Rb8 16. Qd3 Qc8 17. Be3 h6 18. a5 b5 19. c4 bxc4 20. Qxc4 Qb7 21. Rab1 Rec8
22. Rec1 Bd8 23. Qc6 Nf6 24. Nd2 Kf8 25. h3 Qa8 26. Qxa8 Rxa8 27. b5 axb5 28.
Rxb5 Rcb8 29. Rxb8 Rxb8 30. a6 Ra8 31. a7 Nd7 32. Nc4 Bg5 33. Bxg5 hxg5 34. Ra1
Ke8 35. Ra5 Nc5 36. f3 f6 37. Kf2 Kd7 38. Kg3 Kc8 39. h4 gxh4+ 40. Kxh4 g6 41.
Kg4 Kb7 42. Rb5+ Kxa7 43. Rb1 Rh8 44. Na5 Nd3 45. Nc6+ Ka6 46. Kg3 f5 47. Ne7
Rh5 48. exf5 gxf5 49. Rb3 Nf4 50. Kf2 Rh2 51. Nxf5 Rxg2+ 52. Kf1 Rd2 53. Ne3
Nxd5 54. Nc4 Rd4 55. Na3 Rb4 56. Rd3 Nf4 57. Rc3 c5 58. Nc4 d5 59. Nxe5 c4 60.
Kf2 Kb5 61. Ra3 d4 62. Ra8 Rb2+ 63. Kg3 Ne2+ 64. Kg4 c3 65. Rc8 Rd2 66. f4 Rd1
67. f5 d3 68. Nxd3 Rxd3 69. f6 Rg3+ 70. Kh5 Nf4+ 71. Kh4 Ne2 72. f7 Rf3 73. f8=Q
Rxf8 74. Rxf8 1/2-1/2

[Event "World Blitz 2016"]
[Site "Doha QAT"]
[Date "2016.12.29"]
[Round "9.7"]
[White "Bu, Xiangzhi"]
[Black "Grischuk, Alexander"]
[Result "1/2-1/2"]
[WhiteTitle "GM"]
[BlackTitle "GM"]
[WhiteElo "2705"]
[BlackElo "2737"]
[WhiteFideId "8601445"]
[BlackFideId "4126025"]
[EventDate "2016.12.29"]

1. Nf3 c5 2. c4 Nf6 3. Nc3 e6 4. d4 cxd4 5. Nxd4 d5 6. Bf4 Nbd7 7. Qa4 Bc5 8.
cxd5 O-O 9. Nb3 exd5 10. e3 Nb6 11. Qa5 Bd6 12. Bxd6 Qxd6 13. Qc5 Qe5 14. Be2
Qg5 15. O-O Bh3 16. Bf3 Rac8 17. Qd6 Nc4 18. Qg3 Qxg3 19. hxg3 Be6 20. Rab1 Nxb2
21. Nxd5 Bxd5 22. Rxb2 Rfd8 23. Nd4 b6 24. a4 Rc5 25. Nb5 Bxf3 26. gxf3 Rd7 27.
Ra1 h5 28. Nd4 g6 29. Rb5 Rdd5 30. Rab1 Kg7 31. Rxc5 Rxc5 32. Nb5 a6 33. Nd4 Nd5
34. e4 Rc4 35. exd5 Rxd4 36. Rxb6 Rxa4 37. f4 Rd4 38. Rxa6 1/2-1/2

[Event "World Blitz 2016"]
[Site "Doha QAT"]
[Date "2016.12.29"]
[Round "9.9"]
[White "Vitiugov, Nikita"]
[Black "Artemiev, Vladislav"]
[Result "0-1"]
[WhiteTitle "GM"]
[BlackTitle "GM"]
[WhiteElo "2726"]
[BlackElo "2653"]
[WhiteFideId "4152956"]
[BlackFideId "24101605"]
[EventDate "2016.12.29"]

1. d4 d5 2. c4 c6 3. Nf3 Nf6 4. Nc3 e6 5. Bg5 Nbd7 6. e3 h6 7. Bh4 g5 8. Bg3 Nh5
9. Bd3 Nxg3 10. hxg3 Bg7 11. Qc2 Qe7 12. O-O-O Nb6 13. c5 Nd7 14. e4 g4 15. Nh4
Bxd4 16. exd5 Nxc5 17. dxe6 Bxe6 18. Ne2 O-O-O 19. Nxd4 Rxd4 20. Bf5 Rhd8 21.
Rxd4 Rxd4 22. Rd1 Qg5+ 23. Rd2 Ne4 24. f4 Rxd2 25. Qxe4 Bxf5 26. Nxf5 Qd8 27.
Qe3 Rd3 28. Qe5 Rd1+ 0-1

[Event "World Blitz 2016"]
[Site "Doha QAT"]
[Date "2016.12.29"]
[Round "9.14"]
[White "Bortnyk, Olexandr"]
[Black "Bok, Benjamin"]
[Result "1-0"]
[WhiteTitle "GM"]
[BlackTitle "GM"]
[WhiteElo "2581"]
[BlackElo "2598"]
[WhiteFideId "14120828"]
[BlackFideId "1017063"]
[EventDate "2016.12.29"]

1. e4 c5 2. Nf3 d6 3. c3 Nf6 4. h3 g6 5. Bd3 Bg7 6. Bc2 O-O 7. O-O Nc6 8. d4
cxd4 9. cxd4 Nb4 10. Bb3 b6 11. a3 Nc6 12. Nc3 Bb7 13. Re1 Rc8 14. Bg5 h6 15.
Bh4 Na5 16. Ba2 g5 17. Bg3 Rxc3 18. bxc3 Nxe4 19. Qd3 d5 20. Be5 Qc8 21. Rac1
Ba6 22. Qe3 Bc4 23. Bxg7 Kxg7 24. Bb1 f5 25. Ne5 Nb3 26. Rcd1 f4 27. Qf3 Nbd2
28. Rxd2 Nxd2 29. Qh5 Qe6 30. Bc2 Ne4 31. Nxc4 Rc8 32. Nd2 Rxc3 33. Bxe4 dxe4
34. Rxe4 Rc1+ 35. Kh2 Qf6 36. Nf3 Rc2 37. h4 Rxf2 38. hxg5 hxg5 39. Nxg5 Qh6 40.
Rxe7+ 1-0

[Event "World Blitz 2016"]
[Site "Doha QAT"]
[Date "2016.12.29"]
[Round "9.15"]
[White "Khusnutdinov, Rustam"]
[Black "Lu, Shanglei"]
[Result "1/2-1/2"]
[WhiteTitle "GM"]
[BlackTitle "GM"]
[WhiteElo "2458"]
[BlackElo "2627"]
[WhiteFideId "13701703"]
[BlackFideId "8603332"]
[EventDate "2016.12.29"]

1. Nc3 c5 2. Nf3 Nc6 3. d4 cxd4 4. Nxd4 g6 5. e4 Bg7 6. Nb3 Nf6 7. Bc4 d6 8. O-O
O-O 9. Re1 a6 10. Bf1 b5 11. Nd5 Bb7 12. c3 Nd7 13. a4 bxa4 14. Rxa4 e6 15. Ne3
Nb6 16. Ra1 Qc7 17. Nc4 Nxc4 18. Bxc4 h5 19. Bf1 a5 20. Be3 Ne5 21. Bd4 d5 22.
h3 dxe4 23. Nc5 Rfd8 24. Qb1 Bc6 25. Nxe4 Rab8 26. Nc5 Bb5 27. Nxe6 fxe6 28.
Bxe5 Bxe5 29. Qxg6+ Bg7 30. Qxe6+ Kh8 31. Qf5 Bxf1 32. Qxh5+ Kg8 33. Rxf1 Rxb2
34. Rxa5 Qxc3 35. Rf5 Qc4 36. Rg5 Rbd2 37. Qg6 Qf7 38. Qb1 Re8 39. Rf5 Qe6 40.
Rf3 Rc8 41. Qb4 Rdd8 42. Re1 Qd5 43. Qg4 Re8 44. Rfe3 Rf8 45. Qe6+ Qxe6 46. Rxe6
Bd4 47. R6e2 Rc3 48. Rd1 Bc5 49. Kf1 Kg7 50. Rd7+ Kg6 51. Rd1 Rc4 52. g3 Rc3 53.
Kg2 Rcf3 54. Rf1 Kg7 55. h4 Bd6 56. Ree1 Bb8 57. Rb1 Bd6 58. Rbd1 Bc5 59. Rd2
Kg6 60. Rc2 Bd4 61. Rd2 Be5 62. Rdd1 Ra3 63. f4 Bf6 64. Rf3 Ra2+ 65. Rf2 Ra3 66.
Rd6 Rc8 67. g4 Kf7 68. g5 Be7 69. Rd7 Ke8 70. Rb7 Rcc3 71. Re2 Rg3+ 72. Kf2
Raf3+ 73. Ke1 Re3 74. f5 Rxe2+ 75. Kxe2 Bxg5 1/2-1/2

[Event "World Blitz 2016"]
[Site "Doha QAT"]
[Date "2016.12.29"]
[Round "9.18"]
[White "Aronian, Levon"]
[Black "Li, Chao b"]
[Result "1-0"]
[WhiteTitle "GM"]
[BlackTitle "GM"]
[WhiteElo "2785"]
[BlackElo "2720"]
[WhiteFideId "13300474"]
[BlackFideId "8604436"]
[EventDate "2016.12.29"]

1. Nf3 Nf6 2. c4 g6 3. Nc3 Bg7 4. e4 c5 5. d4 Qa5 6. Bd3 Ng4 7. Be2 Nc6 8. d5
Nd4 9. O-O Nxe2+ 10. Qxe2 d6 11. Bf4 O-O 12. e5 dxe5 13. Nxe5 Nf6 14. Rad1 Re8
15. Rfe1 Bf5 16. g4 Bc8 17. Qf3 h5 18. h3 a6 19. Bg3 hxg4 20. hxg4 Rf8 21. Kg2
Nh7 22. Rh1 Qb6 23. Qe2 f5 24. d6 exd6 25. Nxg6 Qc6+ 26. Nd5 Re8 27. Ne7+ Rxe7
28. Qxe7 Bd7 29. Rxh7 Kxh7 30. Qf7 1-0

[Event "World Blitz 2016"]
[Site "Doha QAT"]
[Date "2016.12.29"]
[Round "9.19"]
[White "Onischuk, Vladimir"]
[Black "Mareco, Sandro"]
[Result "1-0"]
[WhiteTitle "GM"]
[BlackTitle "GM"]
[WhiteElo "2601"]
[BlackElo "2635"]
[WhiteFideId "14114038"]
[BlackFideId "112275"]
[EventDate "2016.12.29"]

1. e4 c5 2. Nf3 d6 3. d4 cxd4 4. Nxd4 Nf6 5. Nc3 a6 6. a4 g6 7. Be2 Bg7 8. O-O
O-O 9. Re1 Nc6 10. Nb3 b6 11. Bg5 Bb7 12. f4 Rc8 13. Bf3 Nd7 14. Bh4 Re8 15. Rb1
Nc5 16. Nd5 Nxa4 17. e5 dxe5 18. Nxe7+ Nxe7 19. Qxd8 Rexd8 20. Bxb7 Rc7 21. Bxa6
Rd5 22. fxe5 Rxe5 23. Bg3 Rxe1+ 24. Rxe1 Ra7 25. Bb5 Nxb2 26. Bd6 Bf6 27. Nd2
Kg7 28. g4 Nd5 29. Nf3 h6 30. h4 g5 31. hxg5 hxg5 32. Re8 Nf4 33. Kf2 Na4 34.
Bb8 Ra5 35. Bf1 Nc5 36. Bc7 Ra2 37. Bxb6 Rxc2+ 38. Kg3 Nce6 39. Be3 Rc3 40. Kf2
Rc2+ 41. Kg3 Nd5 42. Bf2 Rc3 43. Be1 Re3 44. Bd2 Ra3 45. Bc4 Ndf4 46. Bb4 Ra4
47. Rb8 Ra1 48. Rb7 Rc1 49. Bb3 Rb1 50. Bxe6 Nxe6 1-0

[Event "World Blitz 2016"]
[Site "Doha QAT"]
[Date "2016.12.29"]
[Round "9.21"]
[White "Wojtaszek, Radoslaw"]
[Black "Volokitin, Andrei"]
[Result "1-0"]
[WhiteTitle "GM"]
[BlackTitle "GM"]
[WhiteElo "2749"]
[BlackElo "2649"]
[WhiteFideId "1118358"]
[BlackFideId "14107090"]
[EventDate "2016.12.29"]

1. Nf3 Nf6 2. d4 g6 3. e3 Bg7 4. Be2 O-O 5. O-O c5 6. dxc5 Qa5 7. a3 Qxc5 8. b4
Qc7 9. Bb2 d5 10. Nbd2 Bg4 11. Rc1 Nbd7 12. c4 dxc4 13. Rxc4 Qb8 14. Qa1 Bxf3
15. Nxf3 Rc8 16. Rfc1 Rxc4 17. Bxc4 e6 18. Bb5 Qf8 19. Bxd7 Nxd7 20. Bxg7 Qxg7
21. Qxg7+ Kxg7 22. Rc7 Rd8 23. g4 Nf6 24. Ne5 Rf8 25. Rxb7 a6 26. a4 h5 27. h3
hxg4 28. hxg4 Nd5 29. b5 axb5 30. axb5 g5 31. e4 Nc3 32. f3 Na4 33. Kf2 Nc5 34.
Rc7 Na4 35. Ke3 Kg8 36. Nd7 Rd8 37. b6 Rxd7 38. Rxd7 Nxb6 39. Rd8+ Kg7 40. Kd4
Kf6 41. Kc5 Na4+ 42. Kb4 Nb6 43. Kb5 Ke7 44. Rg8 Nd7 45. Rxg5 Kf6 46. f4 e5 47.
Rf5+ Ke6 48. fxe5 Nxe5 49. Rf6+ Ke7 50. Rg6 1-0

[Event "World Blitz 2016"]
[Site "Doha QAT"]
[Date "2016.12.29"]
[Round "9.22"]
[White "Mamedov, Rauf"]
[Black "Halkias, Stelios"]
[Result "1-0"]
[WhiteTitle "GM"]
[BlackTitle "GM"]
[WhiteElo "2688"]
[BlackElo "2585"]
[WhiteFideId "13401653"]
[BlackFideId "4201809"]
[EventDate "2016.12.29"]

1. e4 e5 2. Nc3 Nf6 3. g3 d5 4. exd5 Nxd5 5. Bg2 Nf6 6. Nf3 Nc6 7. O-O Bd6 8. d3
h6 9. Re1 O-O 10. h3 Bf5 11. Nd2 Qd7 12. Kh2 Bc5 13. Rf1 Rae8 14. Nb3 Bd6 15.
Be3 b6 16. a4 Nd4 17. Nd2 c5 18. a5 Bb8 19. axb6 axb6 20. Nc4 Qc7 21. Ra6 Re6
22. Ne4 Rd8 23. c3 Nc6 24. Qb3 Nd5 25. Nxb6 Nxe3 26. fxe3 Bg6 27. Nd5 Qc8 28.
Nxc5 e4 29. Nxe6 fxe6 30. Rxc6 1-0

[Event "World Blitz 2016"]
[Site "Doha QAT"]
[Date "2016.12.29"]
[Round "9.23"]
[White "Bologan, Victor"]
[Black "Tomashevsky, Evgeny"]
[Result "1-0"]
[WhiteTitle "GM"]
[BlackTitle "GM"]
[WhiteElo "2640"]
[BlackElo "2716"]
[WhiteFideId "13900048"]
[BlackFideId "4147235"]
[EventDate "2016.12.29"]

1. e4 e5 2. Nf3 Nc6 3. Nc3 Nf6 4. Bb5 Bb4 5. O-O O-O 6. d3 Bxc3 7. bxc3 d6 8.
Bg5 Bd7 9. Rb1 a6 10. Ba4 Rb8 11. Bb3 h6 12. Bh4 Qe7 13. Nd2 g5 14. Bg3 Na5 15.
Re1 Nxb3 16. cxb3 Ne8 17. d4 Ng7 18. Nc4 f6 19. Ne3 Be6 20. c4 b6 21. b4 a5 22.
bxa5 bxa5 23. Qd2 a4 24. d5 Bd7 25. Qa5 Qd8 26. c5 f5 27. c6 Rxb1 28. Rxb1 f4
29. cxd7 fxe3 30. Qxa4 exf2+ 31. Bxf2 Rf7 32. Ba7 Qxd7 33. Rb8+ Kh7 34. Qxd7
Rxd7 35. Be3 Nh5 36. a4 Nf6 37. a5 Ng4 38. Bf2 Rf7 39. Rb2 Rf4 40. a6 Rxe4 41.
Ra2 Nxf2 42. a7 Ng4 43. g3 Re1+ 44. Kg2 Ne3+ 45. Kf2 1-0

[Event "World Blitz 2016"]
[Site "Doha QAT"]
[Date "2016.12.29"]
[Round "9.24"]
[White "Najer, Evgeniy"]
[Black "Melkumyan, Hrant"]
[Result "0-1"]
[WhiteTitle "GM"]
[BlackTitle "GM"]
[WhiteElo "2679"]
[BlackElo "2633"]
[WhiteFideId "4118987"]
[BlackFideId "13302485"]
[EventDate "2016.12.29"]

1. e4 e6 2. d4 d5 3. Nc3 dxe4 4. Nxe4 Bd7 5. Nf3 Bc6 6. Bd3 Nd7 7. O-O Ngf6 8.
Ned2 g6 9. a4 Bg7 10. b4 O-O 11. b5 Bxf3 12. Qxf3 Nd5 13. Ba3 Bxd4 14. Rad1 Re8
15. Nb3 Bg7 16. Be4 Ne5 17. Qg3 Nc4 18. Bc1 c6 19. Bg5 Bf6 20. Bd2 Nxd2 21. Rxd2
Qe7 22. bxc6 bxc6 23. c4 Nb4 24. Qf3 Rac8 25. Rfd1 Red8 26. Rxd8+ Rxd8 27. Rxd8+
Qxd8 28. g3 Be7 29. Kg2 Qc7 30. Nd4 c5 31. Nb5 Qb6 32. Qd1 a6 33. Nc3 Qc7 34.
Qf3 Qe5 35. Ne2 Kg7 36. Bb7 h5 37. h4 Nc2 38. Qd3 Ne1+ 0-1

[Event "World Blitz 2016"]
[Site "Doha QAT"]
[Date "2016.12.29"]
[Round "9.25"]
[White "Adhiban, Baskaran"]
[Black "Zhigalko, Sergei"]
[Result "1/2-1/2"]
[WhiteTitle "GM"]
[BlackTitle "GM"]
[WhiteElo "2666"]
[BlackElo "2671"]
[WhiteFideId "5018471"]
[BlackFideId "13502956"]
[EventDate "2016.12.29"]

1. d4 Nf6 2. c4 e6 3. Nf3 b6 4. g3 Ba6 5. Qc2 Bb4+ 6. Bd2 Be7 7. Bg2 c6 8. O-O
d5 9. b3 Nbd7 10. Bc3 dxc4 11. Bb2 cxb3 12. axb3 Bb7 13. Nbd2 Nd5 14. Ne5 Nb4
15. Qc1 O-O 16. Rd1 a5 17. Ndc4 Nf6 18. Ba3 Qc7 19. Bxb4 Bxb4 20. Nxc6 Rac8 21.
N4e5 Bd6 22. Na7 Qxc1 23. Rdxc1 Rxc1+ 24. Rxc1 Bd5 25. Nc4 Bb8 26. Nb5 Rc8 27.
e3 Ne4 28. Ra1 Bxc4 29. bxc4 Nd6 30. Nxd6 Bxd6 31. c5 bxc5 32. Rxa5 cxd4 33.
exd4 Rc1+ 34. Bf1 g6 35. d5 e5 36. Ra6 Bc5 37. Rc6 Rc2 38. Be2 Rxe2 39. Rxc5 Rd2
40. d6 f6 41. Rc8+ Kf7 42. Rc7+ Ke6 43. Rxh7 Rxd6 44. h4 e4 45. Kf1 Kf5 46. Ke2
Ra6 47. Rd7 Ra2+ 48. Ke3 Ra3+ 49. Ke2 Ra2+ 50. Ke1 Kg4 51. Rd6 Kf5 52. Rb6 Ra1+
53. Ke2 Ra2+ 54. Ke3 Ra3+ 55. Ke2 Ra2+ 56. Ke3 Ra3+ 57. Ke2 Ke5 58. Ke1 1/2-1/2

[Event "World Blitz 2016"]
[Site "Doha QAT"]
[Date "2016.12.29"]
[Round "9.26"]
[White "Moiseenko, Alexander"]
[Black "Dreev, Aleksey"]
[Result "0-1"]
[WhiteTitle "GM"]
[BlackTitle "GM"]
[WhiteElo "2657"]
[BlackElo "2652"]
[WhiteFideId "14102560"]
[BlackFideId "4100107"]
[EventDate "2016.12.29"]

1. d4 d5 2. c4 c6 3. Nc3 Nf6 4. Nf3 e6 5. Bg5 h6 6. Bxf6 Qxf6 7. e3 g6 8. Be2
Bg7 9. O-O Nd7 10. e4 dxc4 11. e5 Qe7 12. Bxc4 O-O 13. Qe2 b5 14. Bd3 Bb7 15.
Be4 Nb6 16. Rad1 Rfd8 17. Rfe1 a6 18. h4 Rac8 19. h5 g5 20. Nh2 b4 21. Nb1 Nd5
22. Bxd5 Rxd5 23. Ng4 c5 24. dxc5 Qxc5 25. Nd2 Qc2 26. Ne3 Qxb2 27. Nxd5 Bxd5
28. Rb1 Qxa2 29. Rxb4 a5 30. Rbb1 a4 31. Ra1 Qc2 32. Nf3 Qxe2 33. Rxe2 Ra8 34.
Nd4 a3 35. Nb5 Bc4 36. Nc7 Ra7 37. Rc2 Bd3 38. Rc5 a2 39. Ne8 Bb1 40. Rc8 Bxe5 0-1

[Event "World Blitz 2016"]
[Site "Doha QAT"]
[Date "2016.12.29"]
[Round "9.27"]
[White "Svane, Rasmus"]
[Black "Cheparinov, Ivan"]
[Result "1/2-1/2"]
[WhiteTitle "GM"]
[BlackTitle "GM"]
[WhiteElo "2555"]
[BlackElo "2689"]
[WhiteFideId "4657101"]
[BlackFideId "2905540"]
[EventDate "2016.12.29"]

1. Nf3 f5 2. g3 Nf6 3. Bg2 g6 4. O-O Bg7 5. d4 O-O 6. c4 d6 7. Nc3 c6 8. Rb1 Ne4
9. Qc2 Nxc3 10. bxc3 e5 11. dxe5 dxe5 12. Rd1 Nd7 13. Ba3 Rf7 14. Bd6 e4 15. Nd4
Qe8 16. c5 Bf8 17. Nb3 Nf6 18. c4 Be6 19. Qc3 Rd8 20. Bxf8 Kxf8 21. Rd6 Rxd6 22.
cxd6 b6 23. c5 Bd5 24. Nd4 Bxa2 25. Rb2 Bd5 26. cxb6 axb6 27. Rxb6 Qd7 28. Qc5
Ne8 29. Nxc6 Bxc6 30. Rxc6 Rf6 31. g4 Rxd6 32. Rxd6 Qxd6 33. Qxd6+ Nxd6 34. gxf5
gxf5 35. f3 exf3 36. Bxf3 1/2-1/2

[Event "World Blitz 2016"]
[Site "Doha QAT"]
[Date "2016.12.29"]
[Round "9.28"]
[White "Ganguly, Surya Shekhar"]
[Black "Howell, David W L"]
[Result "1-0"]
[WhiteTitle "GM"]
[BlackTitle "GM"]
[WhiteElo "2668"]
[BlackElo "2644"]
[WhiteFideId "5002150"]
[BlackFideId "410608"]
[EventDate "2016.12.29"]

1. e4 e5 2. Nf3 Nc6 3. Bc4 Nf6 4. d3 h6 5. O-O d6 6. c3 g6 7. Re1 Bg7 8. d4 O-O
9. Nbd2 Re8 10. a4 exd4 11. cxd4 d5 12. exd5 Rxe1+ 13. Qxe1 Nb4 14. Qd1 Nbxd5
15. Ne5 c6 16. Ndf3 Be6 17. Qe2 Qd6 18. b3 Re8 19. Ba3 Qd8 20. Re1 a6 21. h3 Qc7
22. Qd2 Bf5 23. Bd3 Bxd3 24. Qxd3 Re6 25. g3 Qd8 26. Kg2 Qe8 27. Qd2 Nd7 28. Bb2
Bf8 29. h4 Bb4 30. Qxh6 Bxe1 31. Ng5 Rxe5 1-0

[Event "World Blitz 2016"]
[Site "Doha QAT"]
[Date "2016.12.29"]
[Round "9.29"]
[White "Tari, Aryan"]
[Black "Kozul, Zdenko"]
[Result "1-0"]
[WhiteTitle "GM"]
[BlackTitle "GM"]
[WhiteElo "2584"]
[BlackElo "2613"]
[WhiteFideId "1510045"]
[BlackFideId "14502879"]
[EventDate "2016.12.29"]

1. e4 c5 2. Nf3 d6 3. d4 cxd4 4. Nxd4 Nf6 5. Nc3 Nc6 6. Bg5 e6 7. Qd2 a6 8. f4
Bd7 9. O-O-O b5 10. Bxf6 gxf6 11. Kb1 Rc8 12. f5 Ne5 13. fxe6 fxe6 14. Nce2 Qe7
15. Nf4 Bg7 16. Be2 O-O 17. Rhf1 Rc5 18. Nh5 Nc4 19. Bxc4 bxc4 20. Nxg7 Kxg7 21.
Rf3 Rg5 22. Rdf1 d5 23. Rxf6 Rxf6 24. Qxg5+ Kf7 25. Nf3 Ke8 26. exd5 exd5 27.
Qxd5 c3 28. Re1 Re6 29. Rxe6 Qxe6 30. Qxe6+ Bxe6 31. b3 Ke7 32. Nd4 Bd5 33. g3
Kf6 34. Ne2 Kg5 35. Nxc3 Bc6 36. Kc1 Kg4 37. Kd2 Kf3 38. Ne2 Kg2 39. Ke3 Kxh2
40. c4 Kg2 41. Kf4 Kf2 42. Nd4 Bd7 43. c5 Ke1 44. c6 Bc8 45. b4 Kd2 46. a4 Kc3
47. b5 1-0

[Event "World Blitz 2016"]
[Site "Doha QAT"]
[Date "2016.12.29"]
[Round "9.30"]
[White "Mchedlishvili, Mikheil"]
[Black "Nguyen, Ngoc Truong Son"]
[Result "1/2-1/2"]
[WhiteTitle "GM"]
[BlackTitle "GM"]
[WhiteElo "2601"]
[BlackElo "2629"]
[WhiteFideId "13600966"]
[BlackFideId "12401110"]
[EventDate "2016.12.29"]

1. c4 e6 2. Nc3 d5 3. d4 Bb4 4. cxd5 exd5 5. Bf4 c6 6. e3 Bf5 7. Qb3 Qb6 8. Ne2
Be7 9. Ng3 Bg6 10. Be2 Nd7 11. O-O Ngf6 12. Rfc1 O-O 13. Na4 Qxb3 14. axb3 Ne4
15. Nxe4 Bxe4 16. f3 Bf5 17. Kf2 Rfc8 18. Nc3 Be6 19. Bd3 a6 20. Ne2 Bf6 21. Rd1
c5 22. Rac1 b5 23. Bd6 c4 24. Bc2 Rc6 25. Bf4 Rac8 26. bxc4 Rxc4 27. Bd3 Rxc1
28. Rxc1 Rxc1 29. Nxc1 Be7 30. Nb3 Kf8 31. Na5 Ke8 32. Nc6 Bf8 33. h4 h5 34. e4
Nb6 35. Bd2 Bc8 36. b3 Bb7 37. Na5 Bc8 38. e5 g6 39. g3 Be6 40. Ke2 Kd7 41. Bc3
Kc7 42. Bd2 Nc8 43. b4 Nb6 44. Nb3 Nc4 45. Nc5 Bxc5 46. dxc5 Kc6 47. Bc3 Bc8 48.
Bd4 a5 49. bxa5 Nxa5 50. Kd2 Nb3+ 51. Ke3 Nxc5 52. Bc2 Ne6 53. Bb3 Ba6 54. g4
Bc8 55. gxh5 gxh5 56. Bc2 b4 57. Ba4+ Kc7 58. f4 Ng7 59. Bc5 Nf5+ 60. Kf2 Be6
61. Bxb4 Nxh4 62. Bd6+ Kb6 63. Bd1 Nf5 64. Bxh5 Nxd6 65. exd6 Kc6 66. f5 Bxf5
67. Bxf7 Kxd6 68. Bxd5 1/2-1/2

[Event "World Blitz 2016"]
[Site "Doha QAT"]
[Date "2016.12.29"]
[Round "9.31"]
[White "Tregubov, Pavel V."]
[Black "Inarkiev, Ernesto"]
[Result "0-1"]
[WhiteTitle "GM"]
[BlackTitle "GM"]
[WhiteElo "2585"]
[BlackElo "2709"]
[WhiteFideId "4115341"]
[BlackFideId "4162722"]
[EventDate "2016.12.29"]

1. d4 Nf6 2. c4 e6 3. Nc3 Bb4 4. e3 c5 5. Bd3 O-O 6. Ne2 d5 7. cxd5 cxd4 8. exd4
Nxd5 9. O-O Nc6 10. Nxd5 Qxd5 11. a3 Be7 12. Qc2 g6 13. Rd1 Bf6 14. Be4 Qd8 15.
Bh6 Re8 16. d5 exd5 17. Bxd5 Qe7 18. Ng3 Be6 19. Ne4 Nd4 20. Qd3 Bxd5 21. Nxf6+
Qxf6 22. Be3 Nf3+ 23. gxf3 Bxf3 24. Qd6 Re6 25. Qc7 Rae8 26. Re1 Re4 27. h3 Qf5
28. Qg3 h5 29. Bd2 h4 30. Qh2 Re2 31. Rxe2 Rxe2 32. Qb8+ Kh7 33. Qf4 Qxf4 34.
Bxf4 f6 35. b4 g5 36. Be3 a6 37. Rc1 Kg6 38. Bd4 Rd2 39. Be3 Ra2 40. Rc3 Ra1+
41. Bc1 Bc6 42. f4 gxf4 43. Kf2 Kf5 44. Rc5+ Ke4 45. Rc4+ Kd3 46. Rc5 Ra2+ 47.
Kf1 Bg2+ 48. Kg1 f3 49. Rd5+ Ke4 50. Rd2 Ra1 51. Rc2 Bxh3 52. Kf2 Bg2 53. Bh6 h3
54. Rc4+ Kd3 55. Rh4 Ra2+ 56. Kg3 f2 0-1

[Event "World Blitz 2016"]
[Site "Doha QAT"]
[Date "2016.12.29"]
[Round "9.32"]
[White "Flores, Diego"]
[Black "Salinas Herrera, Pablo"]
[Result "0-1"]
[WhiteTitle "GM"]
[BlackTitle "IM"]
[WhiteElo "2579"]
[BlackElo "2466"]
[WhiteFideId "108049"]
[BlackFideId "3407128"]
[EventDate "2016.12.29"]

1. c4 e5 2. g3 Bc5 3. Bg2 d6 4. Nc3 Nc6 5. e3 a6 6. Nge2 Ba7 7. Rb1 Nge7 8. b4
Rb8 9. O-O Bf5 10. d3 Qd7 11. b5 axb5 12. Nxb5 Bb6 13. Nec3 O-O 14. a4 Ba5 15.
Nd5 Nxd5 16. cxd5 Ne7 17. Na3 c6 18. Nc4 Bc7 19. dxc6 bxc6 20. Ba3 d5 21. Nb2
Rfc8 22. e4 Be6 23. Qc2 Bb6 24. Bc5 Ba5 25. Rfc1 Ng6 26. Nd1 d4 27. Rxb8 Rxb8
28. Rb1 Rxb1 29. Qxb1 Qc7 30. h4 Nf8 31. Qc1 Nd7 32. Ba3 c5 33. Kh2 Qc6 34. Qc2
c4 35. dxc4 Qxc4 36. Qxc4 Bxc4 37. Nb2 Bb3 38. Bh3 Nb6 39. Nd3 Nc4 40. Bc5 Bxa4
41. Bf1 Nd2 42. Bg2 Bc7 43. f4 f6 44. Bb4 Nc4 45. Bh3 Kf7 46. Bc8 Bc6 47. fxe5
Nxe5 48. Nf2 d3 49. Ba6 Bb6 50. Nd1 Bxe4 51. Bc3 Ng4+ 52. Kh3 h5 53. Bd2 Bd4 54.
Bc4+ Kg6 55. Be6 Bf3 56. Bb3 Be2 57. Kg2 Ne5 58. Nc3 Bf3+ 59. Kf1 Ng4 60. Bc4
Bxc3 61. Bxc3 Ne3+ 62. Kf2 Nxc4 63. Kxf3 Kf5 64. Bb4 g5 65. Be7 g4+ 66. Kf2 Nd2
67. Ke3 Ne4 68. Kxd3 Nxg3 69. Ke3 Kg6 70. Bd8 Nf5+ 71. Ke4 Nxh4 72. Kd5 Nf3 73.
Ke6 Ng5+ 74. Kd5 h4 75. Bc7 f5 76. Ke5 h3 77. Kd4 Ne6+ 0-1

[Event "World Blitz 2016"]
[Site "Doha QAT"]
[Date "2016.12.29"]
[Round "9.33"]
[White "Bindrich, Falko"]
[Black "Neelotpal, Das"]
[Result "1-0"]
[WhiteTitle "GM"]
[BlackTitle "GM"]
[WhiteElo "2590"]
[BlackElo "2463"]
[WhiteFideId "4676670"]
[BlackFideId "5003512"]
[EventDate "2016.12.29"]

1. d4 d5 2. Nf3 Nf6 3. Bf4 e6 4. e3 c5 5. c3 Nc6 6. Nbd2 Bd6 7. Bd3 O-O 8. O-O
b6 9. Ne5 Bb7 10. Qf3 Qc7 11. Qg3 Nh5 12. Qh3 g6 13. Ndf3 Rae8 14. Rfe1 f6 15.
Nxg6 Nxf4 16. Nxf4 Bxf4 17. exf4 Bc8 18. Qh5 Re7 19. g3 Rg7 20. dxc5 bxc5 21.
Nh4 Qxf4 22. Bxh7+ Rxh7 23. Qg6+ Rg7 24. Qxg7+ Kxg7 25. gxf4 Rg8 26. Re3 Kf7+
27. Rg3 Rh8 28. Nf3 Ne7 29. Re1 Nf5 30. Rg4 d4 31. cxd4 Bb7 32. Nd2 Nxd4 33. Rg3
Bd5 34. b3 a5 35. f3 a4 36. bxa4 Ra8 37. Ne4 c4 38. Nc3 Bxf3 39. Kf2 Rb8 40.
Rxf3 Rb2+ 41. Kg3 Nxf3 42. Kxf3 Rc2 43. Re3 Rxh2 44. Ke4 Ke7 45. Kd4 Rh4 46. Rf3
e5+ 47. Kxc4 exf4 48. Nd5+ Kd6 49. Rxf4 Rh1 50. Rxf6+ Kd7 51. Nc3 1-0